000 00688nam a22002417a 4500
001 BR2018002491
003 BR-BrBNA
005 20230928105402.0
007 ta
008 230509b bl.||||| |||| 00| 0 por d
040 _aBR-BrBNA
_bpor
_cBiblioteca Nacional de Agricultura
041 _a(Por)
072 _aE14
090 _ E14 BR2018002491
110 1 _aPresidencia da República, Brasília, DF (Brasil). Casa Civil
_97911
245 1 _aGuia da política de governança pública
260 3 _aBrasília, DF (Brasil):
_c2018.
300 _a86 p.
650 _aDESENVOLVIMENTO ECONOMICO
650 _aPOLITICA AGRICOLA
909 _a202309
_bLucia
_c55
_dLucia Elande
942 _cBK
999 _c84916
_d84916